| 000 | 01218aam a2200337 i 4500 | ||
|---|---|---|---|
| 001 | 768714001 | ||
| 003 | CO-MdFUSB | ||
| 005 | 20231017171638.0 | ||
| 007 | ta | ||
| 008 | 231010t20052008ck ||||g |||| 00| 0 spa d | ||
| 020 | _a9789584508546 | ||
| 040 |
_aCO-MdFUSB _bspa _cCO-MdFUSB _dCO-MdFUSBC _erda |
||
| 041 | _aspa | ||
| 082 |
_223 _a155.937 _bR741 |
||
| 100 |
_aRojas Posada, Santiago, _eautor |
||
| 245 |
_aEl manejo del duelo _b : una propuesta para un nuevo comienzo _c/ Santiago Rojas Posada |
||
| 264 | 1 |
_aBogota, Colombia : _bNorma, _c[2005] |
|
| 264 | 4 | _c©2008 | |
| 300 |
_a181 páginas _c; 22 cm |
||
| 336 |
_2rdacontent _atexto _btxt |
||
| 337 |
_2rdamedia _asin mediación _bn |
||
| 338 |
_2rdacarrier _avolumen _bnc |
||
| 490 | _aVive mejor, | ||
| 504 | _aIncluye bibliografía | ||
| 505 | _aCapítulo 1. El duelo en diferentes épocas y culturas -- Capítulo 2. El duelo -- Capítulo 3. Las tareas del duelo -- Capítulo 4. Manejo de las manifestaciones del duelo -- Capítulo 5. La terapia floral como acompañamiento del proceso del duelo -- Capítulo 6. Testimonios. | ||
| 563 | _aRústico | ||
| 650 | 0 |
_91613 _aMuerte |
|
| 650 | 7 |
_96973 _aPsicología |
|
| 942 | _cBK | ||
| 945 | _asor1564 | ||
| 999 |
_c69144 _d69144 |
||